00717nam a2200169Ia 4500008004100000041000800041082001700049100002300066245014400089260002100233300000800254365001600262700002300278906005000301999001900351952017700370230718s9999 xx 000 0 und d aeng a005.678bFIN aFinklea B.9173009 aDrupal 6 Search Engine OptimizationbRank High In Search Engines With Professional SEO Tips Modules And Best Practices For Drupal Web Sites c2009bPackt Pub. a261 cRs.b325.00 aFinklea B.9173009 dO:0074117-Mar-2010B:668622-Feb-2010cCOMPb65 c324521d324521 00104070aCCEPbCCEPd2010-03-17eRadiant Book ServicefCOMPg260.00i6686l1o005.678pCCEP-BK-35728r2024-12-26 00:00:00s2024-12-19t65v325.00w2010-02-22yBKz035728